Statistics for Wards of Tokyo with an Empty Map

Click here to take the quiz!

General Stats

  • This quiz has been taken 211 times
  • The average score is 15 of 23

Answers on the Map

Answers color-coded by a green-red scale on the quiz's map according to % correct below.
 

Answer Stats

Answer% Correct
渋谷区 (Shibuya Ward)
88%
新宿区 (Shinjuku Ward)
88%
港区 (Minato Ward)
71%
千代田区 (Chiyoda Ward)
70%
品川区 (Shinagawa Ward)
70%
世田谷区 (Setagaya Ward)
68%
中央区 (Chūō Ward)
66%
江戸川区 (Edogawa Ward)
66%
江東区 (Kōtō Ward)
65%
練馬区 (Nerima Ward)
65%
文京区 (Bunkyō Ward)
63%
北区 (Kita Ward)
63%
目黒区 (Meguro Ward)
63%
大田区 (Ōta Ward)
62%
中野区 (Nakano Ward)
60%
台東区 (Taitō Ward)
60%
足立区 (Adachi Ward)
59%
板橋区 (Itabashi Ward)
59%
豊島区 (Toshima Ward)
58%
荒川区 (Arakawa Ward)
57%
杉並区 (Suginami Ward)
57%
墨田区 (Sumida Ward)
56%
葛飾区 (Katsushika Ward)
55%

Score Distribution

Percentile by Number Answered

Percent of People with Each Score

Your Score History

You have not taken this quiz